Dynamik im Handel Zeitschrift des EuroHandelsinstituts e.V.

Guardado en:
Detalles Bibliográficos
Formato: Seriadas
Lenguaje:alemán
Publicado: Köln Deutsches Handelsinstitut 1993
Materias:
Etiquetas: Agregar Etiqueta
Sin Etiquetas, Sea el primero en etiquetar este registro!

MARC

LEADER 00000nas2a2200000 4500
001 s013635
005 20240109095438.4
022 |a 0722-6950 
041 0 |a ger 
044 |a DE 
245 1 0 |a Dynamik im Handel  |b Zeitschrift des EuroHandelsinstituts e.V. 
264 1 |a Köln  |b Deutsches Handelsinstitut  |c 1993 
300 |a 2 zv. 
773 0 |w eu_un_cat*s120133 
610 2 0 |a obchod 
610 2 0 |a trh 
610 2 0 |a informácie obchodno-ekonomické